000 00274nam a2200121Ia 4500
008 190216s9999||||xx |||||||||||||| ||und||
100 _aJay Prakash Bharathi
245 0 _aHindi-Sresht Vithan Kathayem
260 _bSumith
300 _a160
650 _aHindi
942 _cBK
999 _c16352
_d16352